000 00477nam a2200157Ia 4500
008 100122s9999 xx 000 0 und d
082 _b42861
_a926.1
100 _aगायकवाड विनोदिनी
245 _aयशस्विनी
260 _bनिर्मल प्रकाशन
_c1988
300 _a130
630 _aयशस्विनी
700 _aसावंत सुरेश
730 _aयशस्विनी
942 _cBOOK
999 _c423156
_d423153